[Event "PRAGUE OPEN 2020 - A - IM open"]
[Site "?"]
[Date "2020.01.11"]
[Round "2"]
[White "Quesada Perez, Luis Ernesto"]
[Black "Pavlidou, Ekaterini"]
[Result "1-0"]
[BlackElo "2160"]
[WhiteElo "2491"]
[LiveChessVersion "1.4.8"]

1. Nf3 {[%clk 1:30:50]} Nf6 {[%clk 1:30:12]} 2. c4 {[%clk 1:31:13]} e6
{[%clk 1:30:26]} 3. g3 {[%clk 1:31:34]} d5 {[%clk 1:28:26]} 4. Bg2
{[%clk 1:31:01]} c6 {[%clk 1:26:23]} 5. b3 {[%clk 1:31:17]} Be7 {[%clk 1:26:20]}
6. O-O {[%clk 1:31:33]} O-O {[%clk 1:25:45]} 7. Bb2 {[%clk 1:31:45]} a5
{[%clk 1:25:16]} 8. Nc3 {[%clk 1:28:55]} Nbd7 {[%clk 1:13:51]} 9. d4
{[%clk 1:05:13]} b6 {[%clk 1:11:14]} 10. Nd2 {[%clk 1:05:19]} Ba6
{[%clk 1:03:15]} 11. e4 {[%clk 1:05:42]} b5 {[%clk 0:51:23]} 12. exd5
{[%clk 1:05:38]} exd5 {[%clk 0:48:34]} 13. cxb5 {[%clk 1:05:36]} cxb5
{[%clk 0:44:21]} 14. Nxd5 {[%clk 1:05:22]} Nxd5 {[%clk 0:44:48]} 15. Bxd5
{[%clk 1:05:45]} Ra7 {[%clk 0:45:06]} 16. Bg2 {[%clk 1:05:16]} Nb6
{[%clk 0:45:06]} 17. Rc1 {[%clk 1:04:41]} a4 {[%clk 0:42:51]} 18. Re1
{[%clk 0:59:32]} a3 {[%clk 0:42:11]} 19. Ba1 {[%clk 0:59:47]} Nd5
{[%clk 0:40:59]} 20. Nf1 {[%clk 0:58:35]} b4 {[%clk 0:16:12]} 21. Ne3
{[%clk 0:58:07]} Bb7 {[%clk 0:15:51]} 22. Qe2 {[%clk 0:52:50]} Bf6
{[%clk 0:10:34]} 23. Qb5 {[%clk 0:45:31]} Nxe3 {[%clk 0:06:40]} 24. fxe3
{[%clk 0:43:53]} Bxg2 {[%clk 0:06:22]} 25. Kxg2 {[%clk 0:44:17]} Re7
{[%clk 0:05:09]} 26. d5 {[%clk 0:08:24]} Bb2 {[%clk 0:04:38]} 27. Bxb2
{[%clk 0:03:54]} axb2 {[%clk 0:05:05]} 28. Rb1 {[%clk 0:04:19]} Re5
{[%clk 0:04:19]} 29. Qxb4 {[%clk 0:04:44]} Qxd5+ {[%clk 0:04:32]} 30. e4
{[%clk 0:05:06]} Qc6 {[%clk 0:02:12]} 31. Rxb2 {[%clk 0:05:31]} Rfe8
{[%clk 0:02:34]} 32. Qc4 {[%clk 0:04:53]} Qb7 {[%clk 0:01:48]} 33. Rbe2
{[%clk 0:05:02]} Kh8 {[%clk 0:02:03]} 34. Kg1 {[%clk 0:04:41]} Qa7+
{[%clk 0:01:48]} 35. Kg2 {[%clk 0:04:06]} Qb7 {[%clk 0:02:16]} 36. Rc2
{[%clk 0:04:08]} f5 {[%clk 0:02:22]} 37. Qc6 {[%clk 0:04:29]} Qb4
{[%clk 0:02:10]} 38. Re3 {[%clk 0:04:16]} fxe4 {[%clk 0:01:19]} 39. Rf2
{[%clk 0:03:52]} Qe7 {[%clk 0:01:29]} 40. Rf4 {[%clk 0:03:44]} Re6
{[%clk 0:01:09]} 41. Qc4 {[%clk 0:03:47]} h6 {[%clk 0:01:02]} 42. a4
{[%clk 0:02:43]} g5 {[%clk 0:00:34]} 43. Rf2 {[%clk 0:29:40]} Qa7
{[%clk 0:29:28]} 44. Qc3+ {[%clk 0:29:42]} Kg8 {[%clk 0:29:16]} 45. a5
{[%clk 0:29:02]} Qa6 {[%clk 0:26:30]} 46. b4 {[%clk 0:23:17]} Qb5
{[%clk 0:23:39]} 47. Qd4 {[%clk 0:20:28]} Qc6 {[%clk 0:21:45]} 48. Rd2
{[%clk 0:18:33]} Qb5 {[%clk 0:18:21]} 49. Rc2 {[%clk 0:09:30]} Rf8
{[%clk 0:15:25]} 50. Qc4 {[%clk 0:09:54]} Qf5 {[%clk 0:15:47]} 51. a6
{[%clk 0:09:11]} Kh7 {[%clk 0:15:35]} 52. b5 {[%clk 0:09:35]} Re5
{[%clk 0:03:41]} 53. Rb2 {[%clk 0:09:40]} g4 {[%clk 0:02:23]} 54. a7
{[%clk 0:07:30]} Rc8 {[%clk 0:02:27]} 55. Qf1 {[%clk 0:07:24]} Qh5
{[%clk 0:02:12]} 56. b6 {[%clk 0:07:04]} Rf5 {[%clk 0:02:00]} 57. Qb1
{[%clk 0:02:14]} Qh3+ {[%clk 0:00:48]} 58. Kg1 {[%clk 0:02:42]} Rcf8
{[%clk 0:00:41]} 59. Re1 {[%clk 0:02:42]} Kg7 {[%clk 0:00:34]} 60. Qa1
{[%clk 0:01:47]} 1-0

[Event "PRAGUE OPEN 2020 - A - IM open"]
[Site "?"]
[Date "2020.01.11"]
[Round "2"]
[White "Chudinovskikh, Alexander M"]
[Black "Stankovic, Milos"]
[Result "0-1"]
[BlackElo "2466"]
[WhiteElo "2157"]
[LiveChessVersion "1.4.8"]

1. e4 {[%clk 1:30:48]} e6 {[%clk 1:29:49]} 2. d4 {[%clk 1:30:12]} d5
{[%clk 1:29:49]} 3. exd5 {[%clk 1:30:35]} exd5 {[%clk 1:29:43]} 4. Nf3
{[%clk 1:31:00]} Bd6 {[%clk 1:29:44]} 5. c4 {[%clk 1:31:27]} Nf6 {[%clk 1:28:35]}
6. Nc3 {[%clk 1:29:10]} O-O {[%clk 1:28:40]} 7. cxd5 {[%clk 1:28:27]} Nbd7
{[%clk 1:27:44]} 8. Bc4 {[%clk 1:26:46]} Re8+ {[%clk 1:24:16]} 9. Be3
{[%clk 1:21:01]} Ng4 {[%clk 1:22:38]} 10. O-O {[%clk 1:20:59]} Nxe3
{[%clk 1:21:55]} 11. fxe3 {[%clk 1:20:43]} Rxe3 {[%clk 1:21:49]} 12. Qd2
{[%clk 1:20:40]} Re8 {[%clk 1:20:53]} 13. Rae1 {[%clk 1:19:51]} Rxe1
{[%clk 1:16:53]} 14. Rxe1 {[%clk 1:16:16]} Nf6 {[%clk 1:14:37]} 15. Ne5
{[%clk 1:16:01]} Bf5 {[%clk 1:08:50]} 16. h3 {[%clk 1:06:36]} Bg6
{[%clk 0:57:40]} 17. a3 {[%clk 1:06:10]} Nh5 {[%clk 0:54:30]} 18. g4
{[%clk 0:57:55]} Nf6 {[%clk 0:52:27]} 19. Qf2 {[%clk 0:45:18]} a6
{[%clk 0:48:48]} 20. Re3 {[%clk 0:43:27]} Nd7 {[%clk 0:44:38]} 21. Re2
{[%clk 0:39:54]} b5 {[%clk 0:36:14]} 22. Ba2 {[%clk 0:39:23]} Nf8
{[%clk 0:36:05]} 23. h4 {[%clk 0:31:42]} h5 {[%clk 0:33:41]} 24. g5
{[%clk 0:31:38]} Qc8 {[%clk 0:24:52]} 25. Re3 {[%clk 0:30:29]} Rb8
{[%clk 0:17:57]} 26. Nc6 {[%clk 0:27:24]} Qg4+ {[%clk 0:17:14]} 27. Qg2
{[%clk 0:27:25]} Qf4 {[%clk 0:16:12]} 28. Qf2 {[%clk 0:23:24]} Qg4+
{[%clk 0:14:43]} 29. Qg2 {[%clk 0:23:39]} Qf4 {[%clk 0:14:29]} 30. Qf2
{[%clk 0:23:45]} Ra8 {[%clk 0:14:04]} 31. Ne2 {[%clk 0:12:07]} Qxf2+
{[%clk 0:11:21]} 32. Kxf2 {[%clk 0:12:31]} f6 {[%clk 0:11:33]} 33. gxf6
{[%clk 0:06:40]} gxf6 {[%clk 0:11:32]} 34. Kf3 {[%clk 0:06:53]} Kf7
{[%clk 0:10:52]} 35. Nf4 {[%clk 0:07:07]} Bc2 {[%clk 0:10:28]} 36. Ne6
{[%clk 0:02:25]} Ng6 {[%clk 0:08:55]} 37. Ke2 {[%clk 0:02:17]} Bf5
{[%clk 0:07:41]} 38. Nxc7 {[%clk 0:02:18]} Nf4+ {[%clk 0:07:08]} 39. Kd1
{[%clk 0:02:08]} Rg8 {[%clk 0:06:31]} 40. Ne6 {[%clk 0:00:40]} Rg1+
{[%clk 0:06:33]} 41. Kd2 {[%clk 0:00:36]} Rg2+ {[%clk 0:06:24]} 42. Kc3
{[%clk 0:20:00]} Ne2+ {[%clk 0:32:33]} 43. Kd2 {[%clk 0:18:01]} Nxd4+
{[%clk 0:32:32]} 44. Kc3 {[%clk 0:18:09]} Ne2+ {[%clk 0:26:59]} 45. Kd2
{[%clk 0:18:04]} Nf4+ {[%clk 0:22:16]} 46. Kd1 {[%clk 0:14:22]} Bg4+
{[%clk 0:18:48]} 47. Kc1 {[%clk 0:14:07]} Ne2+ {[%clk 0:18:30]} 48. Kd2
{[%clk 0:14:16]} Nd4+ {[%clk 0:17:33]} 49. Kc3 {[%clk 0:14:16]} Nf5
{[%clk 0:17:43]} 50. Ned8+ {[%clk 0:13:40]} Kf8 {[%clk 0:17:41]} 51. Re1
{[%clk 0:07:44]} Rg3+ {[%clk 0:17:09]} 52. Kc2 {[%clk 0:04:12]} Nxh4
{[%clk 0:17:24]} 53. Ne6+ {[%clk 0:03:49]} Kg8 {[%clk 0:16:53]} 54. Ned4
{[%clk 0:02:37]} Bd7 {[%clk 0:15:16]} 55. Re7 {[%clk 0:02:06]} Bxe7
{[%clk 0:14:10]} 56. d6+ {[%clk 0:02:29]} Kf8 {[%clk 0:14:20]} 57. dxe7+
{[%clk 0:02:30]} Ke8 {[%clk 0:14:28]} 58. Be6 {[%clk 0:01:27]} Bxc6
{[%clk 0:14:00]} 59. Nxc6 {[%clk 0:01:48]} Ng6 {[%clk 0:14:19]} 0-1

[Event "PRAGUE OPEN 2020 - A - IM open"]
[Site "?"]
[Date "2020.01.11"]
[Round "2"]
[White "Budnikov, Oleg"]
[Black "Lys, Josef"]
[Result "1-0"]
[BlackElo "2152"]
[WhiteElo "2432"]
[LiveChessVersion "1.4.8"]

1. e4 {[%clk 1:27:11]} c5 {[%clk 1:28:11]} 2. c3 {[%clk 1:27:27]} d5
{[%clk 1:28:32]} 3. exd5 {[%clk 1:27:52]} Qxd5 {[%clk 1:28:46]} 4. d4
{[%clk 1:28:16]} e6 {[%clk 1:21:53]} 5. Nf3 {[%clk 1:28:38]} Nf6 {[%clk 1:21:40]}
6. Na3 {[%clk 1:28:56]} Bd7 {[%clk 1:18:05]} 7. Nb5 {[%clk 1:27:25]} Bxb5
{[%clk 1:09:30]} 8. Bxb5+ {[%clk 1:27:48]} Nbd7 {[%clk 1:09:23]} 9. O-O
{[%clk 1:27:46]} cxd4 {[%clk 1:08:34]} 10. Qa4 {[%clk 1:23:15]} a6
{[%clk 0:57:16]} 11. Nxd4 {[%clk 1:23:11]} Bc5 {[%clk 0:55:52]} 12. Bc4
{[%clk 1:20:44]} Qe4 {[%clk 0:53:17]} 13. Qd1 {[%clk 1:12:17]} Bxd4
{[%clk 0:53:06]} 14. cxd4 {[%clk 1:12:36]} O-O {[%clk 0:52:58]} 15. Be2
{[%clk 1:12:14]} Qc6 {[%clk 0:47:57]} 16. Bf3 {[%clk 1:12:18]} Nd5
{[%clk 0:48:17]} 17. Qb3 {[%clk 1:11:42]} N7b6 {[%clk 0:38:49]} 18. Bg5
{[%clk 1:10:28]} Qb5 {[%clk 0:38:09]} 19. Rfc1 {[%clk 1:09:57]} Rac8
{[%clk 0:32:43]} 20. Qxb5 {[%clk 1:10:08]} axb5 {[%clk 0:32:52]} 21. Rc5
{[%clk 1:09:39]} b4 {[%clk 0:32:31]} 22. b3 {[%clk 1:09:20]} Ra8 {[%clk 0:31:26]}
23. Bd2 {[%clk 1:08:46]} Ra3 {[%clk 0:29:41]} 24. Bxd5 {[%clk 1:08:02]} Nxd5
{[%clk 0:29:38]} 25. Rxd5 {[%clk 1:08:22]} exd5 {[%clk 0:28:57]} 26. Bxb4
{[%clk 1:08:44]} Ra6 {[%clk 0:29:08]} 27. Bxf8 {[%clk 1:09:07]} Kxf8
{[%clk 0:29:25]} 28. a4 {[%clk 1:03:23]} Rc6 {[%clk 0:29:35]} 29. a5
{[%clk 1:03:42]} Rc3 {[%clk 0:29:12]} 30. Rb1 {[%clk 1:04:06]} Rd3
{[%clk 0:24:24]} 31. b4 {[%clk 1:04:12]} Rxd4 {[%clk 0:24:43]} 32. b5
{[%clk 1:04:21]} Rc4 {[%clk 0:24:49]} 33. Ra1 {[%clk 1:02:00]} Rc7
{[%clk 0:19:00]} 34. Kf1 {[%clk 1:01:53]} Ke7 {[%clk 0:14:14]} 35. Ke2
{[%clk 1:02:08]} Kd6 {[%clk 0:14:33]} 36. Kd3 {[%clk 1:02:00]} Ke5
{[%clk 0:06:07]} 37. Ra4 {[%clk 1:01:45]} g5 {[%clk 0:04:39]} 38. f3
{[%clk 0:59:51]} f5 {[%clk 0:03:55]} 39. g3 {[%clk 0:59:03]} f4 {[%clk 0:00:51]}
40. gxf4+ {[%clk 0:56:45]} gxf4 {[%clk 0:01:14]} 41. a6 {[%clk 0:56:59]} bxa6
{[%clk 0:01:38]} 42. bxa6 {[%clk 0:57:23]} Ra7 {[%clk 0:01:34]} 43. Ra5
{[%clk 0:57:24]} Kd6 {[%clk 0:01:03]} 44. Kd4 {[%clk 0:57:32]} Kc6
{[%clk 0:01:08]} 45. Ra2 {[%clk 0:57:07]} 1-0

[Event "PRAGUE OPEN 2020 - A - IM open"]
[Site "?"]
[Date "2020.01.11"]
[Round "2"]
[White "Pniaczek, Marek"]
[Black "Low, Zhen Yu Cyrus"]
[Result "1/2-1/2"]
[BlackElo "2415"]
[WhiteElo "2145"]
[LiveChessVersion "1.4.8"]

1. e4 {[%clk 1:30:57]} c6 {[%clk 1:30:53]} 2. Nc3 {[%clk 1:31:17]} d5
{[%clk 1:31:17]} 3. Nf3 {[%clk 1:31:42]} dxe4 {[%clk 1:31:40]} 4. Nxe4
{[%clk 1:32:09]} Nf6 {[%clk 1:32:03]} 5. Qe2 {[%clk 1:32:25]} Nxe4
{[%clk 1:32:03]} 6. Qxe4 {[%clk 1:32:50]} Qa5 {[%clk 1:32:28]} 7. Bc4
{[%clk 1:30:10]} Bf5 {[%clk 1:32:51]} 8. Qe5 {[%clk 1:29:41]} Qxe5+
{[%clk 1:31:01]} 9. Nxe5 {[%clk 1:30:07]} e6 {[%clk 1:31:08]} 10. c3
{[%clk 1:22:20]} Bd6 {[%clk 1:26:14]} 11. d4 {[%clk 1:22:28]} a5 {[%clk 1:14:58]}
12. a4 {[%clk 1:21:02]} Na6 {[%clk 1:13:15]} 13. Be3 {[%clk 1:19:14]} Nc7
{[%clk 1:13:15]} 14. Bd3 {[%clk 1:11:07]} Bxe5 {[%clk 1:00:36]} 15. Bxf5
{[%clk 1:11:24]} exf5 {[%clk 1:00:57]} 16. dxe5 {[%clk 1:11:44]} O-O-O
{[%clk 1:01:19]} 17. O-O {[%clk 0:51:29]} Nd5 {[%clk 0:51:09]} 18. Rfe1
{[%clk 0:47:37]} Nxe3 {[%clk 0:48:54]} 19. Rxe3 {[%clk 0:48:00]} Rd2
{[%clk 0:49:18]} 20. b4 {[%clk 0:47:52]} Rhd8 {[%clk 0:49:01]} 21. Kf1
{[%clk 0:42:35]} R8d3 {[%clk 0:43:03]} 22. Ke1 {[%clk 0:31:42]} Rxe3+
{[%clk 0:37:38]} 23. Kxd2 {[%clk 0:32:07]} Rxe5 {[%clk 0:38:00]} 24. Rb1
{[%clk 0:27:53]} Kc7 {[%clk 0:38:04]} 25. g3 {[%clk 0:25:07]} Re4
{[%clk 0:35:32]} 26. f3 {[%clk 0:23:52]} Re6 {[%clk 0:33:43]} 27. Kd3
{[%clk 0:24:02]} Re5 {[%clk 0:28:38]} 28. Kd2 {[%clk 0:20:22]} h5
{[%clk 0:27:23]} 29. h4 {[%clk 0:19:59]} Re6 {[%clk 0:27:02]} 30. f4
{[%clk 0:19:21]} Re4 {[%clk 0:27:04]} 31. Kd3 {[%clk 0:13:41]} g6
{[%clk 0:26:15]} 32. bxa5 {[%clk 0:13:02]} f6 {[%clk 0:18:42]} 33. c4
{[%clk 0:12:49]} g5 {[%clk 0:16:10]} 34. fxg5 {[%clk 0:07:33]} fxg5
{[%clk 0:16:39]} 35. Rf1 {[%clk 0:07:40]} gxh4 {[%clk 0:16:20]} 36. Rxf5
{[%clk 0:07:50]} Rg4 {[%clk 0:16:45]} 37. gxh4 {[%clk 0:07:58]} Rxh4
{[%clk 0:17:13]} 38. Rf7+ {[%clk 0:07:35]} Kb8 {[%clk 0:17:12]} 39. Kc3
{[%clk 0:05:23]} Ka7 {[%clk 0:17:33]} 40. Kb4 {[%clk 0:05:28]} Rh1
{[%clk 0:15:45]} 41. Rh7 {[%clk 0:05:19]} h4 {[%clk 0:13:25]} 42. Rh8
{[%clk 0:04:06]} h3 {[%clk 0:11:20]} 43. Kc5 {[%clk 0:04:17]} Ra1
{[%clk 0:11:38]} 44. a6 {[%clk 0:02:07]} b6+ {[%clk 0:11:48]} 45. Kxc6
{[%clk 0:02:18]} Rxa4 {[%clk 0:12:13]} 46. c5 {[%clk 0:00:55]} Rc4
{[%clk 0:11:42]} 47. Kb5 {[%clk 0:29:37]} Rxc5+ {[%clk 0:42:05]} 48. Kb4
{[%clk 0:30:05]} Kxa6 {[%clk 0:42:27]} 49. Rxh3 {[%clk 0:30:28]} Ra5
{[%clk 0:42:55]} 50. Rh8 {[%clk 0:30:41]} Rg5 {[%clk 0:43:19]} 51. Ra8+
{[%clk 0:31:00]} Kb7 {[%clk 0:43:44]} 52. Rh8 {[%clk 0:31:23]} Rg6
{[%clk 0:43:50]} 53. Kb5 {[%clk 0:31:49]} Rg7 {[%clk 0:44:13]} 54. Rh5
{[%clk 0:31:57]} Rc7 {[%clk 0:44:27]} 55. Rh6 {[%clk 0:32:04]} Rc5+
{[%clk 0:44:53]} 56. Kb4 {[%clk 0:32:31]} Ka6 {[%clk 0:45:19]} 57. Rh8
{[%clk 0:32:43]} 1/2-1/2

[Event "PRAGUE OPEN 2020 - A - IM open"]
[Site "?"]
[Date "2020.01.11"]
[Round "2"]
[White "Lalic, Bogdan"]
[Black "Kakushadze, Ilia"]
[Result "1-0"]
[BlackElo "2149"]
[WhiteElo "2402"]
[LiveChessVersion "1.4.8"]

1. d4 {[%clk 1:30:54]} Nf6 {[%clk 1:30:15]} 2. c4 {[%clk 1:31:14]} e6
{[%clk 1:30:37]} 3. Nf3 {[%clk 1:31:33]} d5 {[%clk 1:31:02]} 4. Bg5
{[%clk 1:31:50]} h6 {[%clk 1:30:33]} 5. Bxf6 {[%clk 1:31:49]} Qxf6
{[%clk 1:30:58]} 6. Nbd2 {[%clk 1:32:00]} Bb4 {[%clk 1:30:19]} 7. Rc1
{[%clk 1:31:30]} Nc6 {[%clk 1:28:50]} 8. e3 {[%clk 1:29:14]} O-O {[%clk 1:28:21]}
9. a3 {[%clk 1:29:35]} Bxd2+ {[%clk 1:27:24]} 10. Qxd2 {[%clk 1:29:57]} Rd8
{[%clk 1:26:23]} 11. Qc3 {[%clk 1:29:24]} Re8 {[%clk 1:19:16]} 12. cxd5
{[%clk 1:27:42]} exd5 {[%clk 1:19:09]} 13. Bb5 {[%clk 1:26:27]} Re6
{[%clk 1:12:17]} 14. O-O {[%clk 1:26:26]} Qd8 {[%clk 0:46:37]} 15. b4
{[%clk 1:23:50]} Bd7 {[%clk 0:38:36]} 16. Bd3 {[%clk 1:23:06]} Rc8
{[%clk 0:38:17]} 17. Nd2 {[%clk 1:11:03]} Qg5 {[%clk 0:27:36]} 18. b5
{[%clk 1:09:36]} Ne7 {[%clk 0:27:55]} 19. Qa5 {[%clk 0:57:31]} Rxe3
{[%clk 0:23:33]} 20. fxe3 {[%clk 0:57:55]} Qxe3+ {[%clk 0:23:58]} 21. Rf2
{[%clk 0:58:11]} Qxd3 {[%clk 0:24:19]} 22. Rxc7 {[%clk 0:57:39]} b6
{[%clk 0:05:39]} 23. Qxa7 {[%clk 0:57:27]} Qxd4 {[%clk 0:05:31]} 24. Rxc8+
{[%clk 0:57:04]} 1-0

[Event "PRAGUE OPEN 2020 - A - IM open"]
[Site "?"]
[Date "2020.01.11"]
[Round "2"]
[White "Balinski, Damian"]
[Black "Quesada Vera, Liordis"]
[Result "1/2-1/2"]
[BlackElo "2386"]
[WhiteElo "2139"]
[LiveChessVersion "1.4.8"]

1. d4 {[%clk 1:30:57]} Nf6 {[%clk 1:25:37]} 2. c4 {[%clk 1:31:25]} c5
{[%clk 1:26:01]} 3. d5 {[%clk 1:31:48]} b5 {[%clk 1:26:26]} 4. Nf3
{[%clk 1:31:33]} Bb7 {[%clk 1:18:45]} 5. a4 {[%clk 1:30:24]} Qa5+
{[%clk 1:09:43]} 6. Bd2 {[%clk 1:24:43]} b4 {[%clk 1:10:07]} 7. Qc2
{[%clk 1:22:47]} g6 {[%clk 1:06:14]} 8. e4 {[%clk 1:22:02]} d6 {[%clk 1:06:30]}
9. Bd3 {[%clk 1:21:25]} Bg7 {[%clk 1:06:34]} 10. O-O {[%clk 1:20:21]} Nbd7
{[%clk 1:06:35]} 11. Bf4 {[%clk 1:14:46]} O-O {[%clk 1:03:56]} 12. Nbd2
{[%clk 1:11:38]} Nh5 {[%clk 1:02:56]} 13. Bg5 {[%clk 0:53:22]} Rae8
{[%clk 1:03:20]} 14. g4 {[%clk 0:48:44]} Nhf6 {[%clk 1:03:43]} 15. h3
{[%clk 0:49:12]} e6 {[%clk 0:57:17]} 16. Bf4 {[%clk 0:45:32]} Qc7
{[%clk 0:54:07]} 17. Rae1 {[%clk 0:44:51]} e5 {[%clk 0:52:16]} 18. Bg3
{[%clk 0:45:19]} Kh8 {[%clk 0:52:29]} 19. Kg2 {[%clk 0:43:37]} Bc8
{[%clk 0:47:08]} 20. Rh1 {[%clk 0:43:49]} Nb6 {[%clk 0:46:35]} 21. Nf1
{[%clk 0:40:59]} h5 {[%clk 0:26:47]} 22. Ne3 {[%clk 0:36:34]} Kg8
{[%clk 0:26:49]} 23. Nh2 {[%clk 0:28:18]} Bh6 {[%clk 0:26:02]} 24. f3
{[%clk 0:27:34]} Kg7 {[%clk 0:23:30]} 25. b3 {[%clk 0:18:50]} Rh8
{[%clk 0:23:43]} 26. Rhf1 {[%clk 0:14:32]} Bf4 {[%clk 0:22:50]} 27. Qb2
{[%clk 0:12:22]} g5 {[%clk 0:14:06]} 28. Bxf4 {[%clk 0:09:09]} exf4
{[%clk 0:13:42]} 29. Nf5+ {[%clk 0:07:31]} Bxf5 {[%clk 0:14:00]} 30. exf5
{[%clk 0:07:59]} h4 {[%clk 0:09:53]} 31. Re4 {[%clk 0:05:52]} Nbd7
{[%clk 0:10:01]} 32. Rfe1 {[%clk 0:05:34]} Ne5 {[%clk 0:10:08]} 33. Rxe5
{[%clk 0:02:59]} Rxe5 {[%clk 0:09:38]} 34. Rxe5 {[%clk 0:03:27]} dxe5
{[%clk 0:10:00]} 35. Be4 {[%clk 0:02:34]} Rb8 {[%clk 0:09:02]} 36. Nf1
{[%clk 0:02:44]} Rb6 {[%clk 0:09:29]} 37. Nd2 {[%clk 0:02:40]} Kg8
{[%clk 0:05:52]} 38. Qa1 {[%clk 0:02:59]} Ra6 {[%clk 0:06:13]} 39. Qb2
{[%clk 0:03:02]} Nd7 {[%clk 0:06:33]} 40. Kf2 {[%clk 0:01:53]} f6
{[%clk 0:05:20]} 41. Ke2 {[%clk 0:29:57]} Kf7 {[%clk 0:35:31]} 42. Kf2
{[%clk 0:30:15]} Nb6 {[%clk 0:35:37]} 43. Bc2 {[%clk 0:29:01]} e4
{[%clk 0:21:48]} 44. Nxe4 {[%clk 0:28:37]} Nd7 {[%clk 0:22:13]} 45. Kg2
{[%clk 0:28:34]} Rb6 {[%clk 0:22:28]} 46. Bd3 {[%clk 0:27:17]} Rb8
{[%clk 0:22:50]} 47. Bc2 {[%clk 0:26:40]} Re8 {[%clk 0:23:12]} 48. Bd3
{[%clk 0:26:24]} Re5 {[%clk 0:20:14]} 49. Qa1 {[%clk 0:24:31]} Qb8
{[%clk 0:20:35]} 50. Qb2 {[%clk 0:24:19]} Ke7 {[%clk 0:20:58]} 51. Bc2
{[%clk 0:23:30]} Rxe4 {[%clk 0:19:00]} 52. Bxe4 {[%clk 0:23:54]} Kd6
{[%clk 0:19:21]} 53. Kf2 {[%clk 0:21:09]} Qe8 {[%clk 0:19:45]} 54. Ke2
{[%clk 0:20:29]} Qe7 {[%clk 0:19:29]} 55. Qa1 {[%clk 0:18:02]} Ne5
{[%clk 0:16:52]} 56. Qb2 {[%clk 0:18:15]} Nf7 {[%clk 0:17:13]} 57. Qa1
{[%clk 0:18:22]} Nd8 {[%clk 0:16:31]} 58. Qb2 {[%clk 0:18:38]} Nb7
{[%clk 0:16:53]} 59. Kd2 {[%clk 0:16:14]} Kc7 {[%clk 0:13:09]} 60. Kd3
{[%clk 0:15:35]} Na5 {[%clk 0:07:52]} 61. Ke2 {[%clk 0:15:30]} Qd6
{[%clk 0:07:58]} 62. Kd2 {[%clk 0:15:13]} Nc6 {[%clk 0:08:08]} 63. Ke2
{[%clk 0:12:02]} Na5 {[%clk 0:07:07]} 64. Kf2 {[%clk 0:11:53]} Qe7
{[%clk 0:07:30]} 65. Ke2 {[%clk 0:10:25]} Kd6 {[%clk 0:07:43]} 66. Ke1
{[%clk 0:10:30]} Qe5 {[%clk 0:07:44]} 67. Qxe5+ {[%clk 0:10:52]} Kxe5
{[%clk 0:08:10]} 68. Bc2 {[%clk 0:11:07]} Kd4 {[%clk 0:07:04]} 69. Kd2
{[%clk 0:11:35]} a6 {[%clk 0:07:13]} 70. Bd1 {[%clk 0:11:54]} Nb7
{[%clk 0:06:46]} 71. Be2 {[%clk 0:12:00]} Nd6 {[%clk 0:06:44]} 72. Bd1
{[%clk 0:12:20]} Nf7 {[%clk 0:06:34]} 73. Be2 {[%clk 0:12:48]} Ne5
{[%clk 0:04:20]} 74. Bd1 {[%clk 0:13:10]} 1/2-1/2

[Event "PRAGUE OPEN 2020 - A - IM open"]
[Site "?"]
[Date "2020.01.11"]
[Round "2"]
[White "Kozak, Antoni"]
[Black "Ochedzan, Tymon"]
[Result "1-0"]
[BlackElo "2140"]
[WhiteElo "2380"]
[LiveChessVersion "1.4.8"]

1. d4 {[%clk 1:30:56]} Nf6 {[%clk 1:30:52]} 2. c4 {[%clk 1:31:22]} g6
{[%clk 1:31:12]} 3. Nc3 {[%clk 1:31:45]} Bg7 {[%clk 1:31:30]} 4. e4
{[%clk 1:32:10]} d6 {[%clk 1:31:13]} 5. Nf3 {[%clk 1:32:16]} O-O {[%clk 1:31:25]}
6. h3 {[%clk 1:32:42]} Na6 {[%clk 1:29:32]} 7. Bg5 {[%clk 1:32:33]} Qe8
{[%clk 1:29:06]} 8. g4 {[%clk 1:32:02]} c5 {[%clk 1:24:50]} 9. Qd2
{[%clk 1:32:27]} cxd4 {[%clk 1:18:37]} 10. Nxd4 {[%clk 1:32:51]} b6
{[%clk 1:14:51]} 11. O-O-O {[%clk 1:25:00]} Nc5 {[%clk 1:06:53]} 12. f3
{[%clk 1:04:07]} Ne6 {[%clk 1:02:08]} 13. Nxe6 {[%clk 1:01:07]} Bxe6
{[%clk 1:02:19]} 14. Kb1 {[%clk 1:01:33]} Rc8 {[%clk 0:58:22]} 15. Nd5
{[%clk 0:59:47]} Bxd5 {[%clk 0:52:24]} 16. cxd5 {[%clk 1:00:04]} Rc5
{[%clk 0:44:03]} 17. h4 {[%clk 0:57:02]} Qa4 {[%clk 0:40:39]} 18. Bd3
{[%clk 0:57:21]} Rfc8 {[%clk 0:36:42]} 19. a3 {[%clk 0:51:42]} Qb3
{[%clk 0:32:46]} 20. Qb4 {[%clk 0:51:39]} Qxb4 {[%clk 0:31:33]} 21. axb4
{[%clk 0:52:07]} R5c7 {[%clk 0:29:39]} 22. Ba6 {[%clk 0:51:32]} Ra8
{[%clk 0:27:18]} 23. Rc1 {[%clk 0:50:33]} Rxc1+ {[%clk 0:22:05]} 24. Rxc1
{[%clk 0:50:44]} h6 {[%clk 0:22:21]} 25. Be3 {[%clk 0:51:08]} Ne8
{[%clk 0:19:50]} 26. Ka2 {[%clk 0:51:21]} Kf8 {[%clk 0:19:53]} 27. Kb3
{[%clk 0:51:39]} e6 {[%clk 0:17:54]} 28. dxe6 fxe6 {[%clk 0:18:16]} 29. Bc4
{[%clk 0:41:12]} Ke7 {[%clk 0:15:24]} 30. Ra1 {[%clk 0:40:50]} Nc7
{[%clk 0:15:42]} 31. Bd3 {[%clk 0:39:18]} e5 {[%clk 0:07:43]} 32. b5
{[%clk 0:37:48]} Kd7 {[%clk 0:06:37]} 33. Bc4 {[%clk 0:34:29]} Rf8
{[%clk 0:04:55]} 34. Kc2 {[%clk 0:33:47]} Ra8 {[%clk 0:03:09]} 35. Bf7
{[%clk 0:32:56]} Nxb5 {[%clk 0:03:31]} 36. Bxg6 {[%clk 0:33:20]} Rc8+
{[%clk 0:03:41]} 37. Kd3 {[%clk 0:33:44]} Rc7 {[%clk 0:03:20]} 38. g5
{[%clk 0:31:30]} hxg5 {[%clk 0:03:21]} 39. hxg5 {[%clk 0:31:18]} Kc8
{[%clk 0:02:17]} 40. Rh1 {[%clk 0:31:28]} Re7 {[%clk 0:01:26]} 41. Bf5+
{[%clk 0:31:47]} Kb7 {[%clk 0:28:05]} 42. Rh7 {[%clk 1:02:10]} Nc7
{[%clk 0:23:06]} 43. g6 {[%clk 1:01:57]} Ne8 {[%clk 0:21:39]} 44. Bg5
{[%clk 1:02:23]} Rc7 {[%clk 0:19:35]} 45. Bd8 {[%clk 1:02:44]} Rc1
{[%clk 0:18:53]} 46. Bd7 {[%clk 1:03:10]} Ka8 {[%clk 0:17:51]} 47. Bxe8
{[%clk 1:03:33]} Rc8 {[%clk 0:18:13]} 48. Rxg7 {[%clk 1:03:55]} Rxd8
{[%clk 0:18:37]} 49. Bc6+ {[%clk 1:04:21]} Kb8 {[%clk 0:19:03]} 50. Kc4
{[%clk 1:04:45]} a6 {[%clk 0:19:23]} 51. Kd5 {[%clk 1:05:10]} Rf8
{[%clk 0:19:42]} 52. Rf7 {[%clk 1:05:35]} Rd8 {[%clk 0:19:58]} 53. g7
{[%clk 1:06:01]} Rg8 {[%clk 0:20:20]} 54. Rf8+ {[%clk 1:06:26]} Rxf8
{[%clk 0:20:44]} 55. gxf8=Q+ {[%clk 1:06:53]} Ka7 {[%clk 0:21:08]} 56. Qa8# 1-0